Top 10 Countries with Oldest Flags - Statistics

General Stats
  • This quiz has been taken 194 times
  • The average score is 5 of 10
Answer Stats
Year of Adoption Country % Correct
1801 United Kingdom
90%
1830 France
83%
1625 Denmark
74%
1660 Netherlands
61%
1831 Belgium
52%
1812 Argentina
31%
1817 Chile
26%
1825 Peru
26%
1828 Uruguay
23%
1831 Tunisia
16%
No matching quizzes found
Score Distribution
Percent of People with Each Score
Percentile by Number Answered
Your Score History
You have not taken this quiz